000 00433nam a2200181Ia 4500
001 3051
005 20260306144852.0
008 260306t1992||||xx |||||||||||||| ||spa||
041 _aESP
082 _a247
_bR27
100 _aRatzinger, Joseph
_eAUT
245 0 _aLa iglesia:
_buna comunidad siempre en camino
260 _c1992
300 _a124páginas :
_c21 cm.
650 _aGEN
654 _aCHU
942 _cLIB
_dJUS
_fJUS
_2ddc
_n
999 _c3051
_d3051